| 000 | 00478nam 22001693 4500 | ||
|---|---|---|---|
| 001 | 32597 | ||
| 090 | _a32597 | ||
| 100 | _a20260317d u||y0pory50 ba | ||
| 101 | _afre | ||
| 200 |
_aUtilisation des Données NOAA-AVHRR pour le Suivi du Blé à L'Échelle de l'Europe _fSoizik Laguette |
||
| 210 | _d1997 | ||
| 215 |
_a167 p. _d30 cm |
||
| 300 | _aThese pour Obtenir le grade de Docteur de l'Engref | ||
| 317 | _5IM | ||
| 606 |
_xMetereologia Agrícola _923785 |
||
| 801 | _gISBD | ||
| 942 | _n0 | ||